| 000 | 00698cam a22002531 4500 | ||
|---|---|---|---|
| 001 | sa 67004124 | ||
| 003 | DLC | ||
| 005 | 20260227112344.0 | ||
| 008 | 861210s1967 ii f000 0 eng | ||
| 010 | _asa 67004124 | ||
| 025 | _aPL480:I-E-8290 | ||
| 035 | _a(OCoLC)14950805 | ||
| 040 |
_aDLC _cWaU _dDLC |
||
| 042 | _apremarc | ||
| 043 | _aa-ii--- | ||
| 050 | 0 | 0 |
_aHC440.I5 _bR4 |
| 110 | 2 |
_aReserve Bank of India. _bSteering Group on Wages, Incomes and Prices Policies. |
|
| 245 | 1 | 0 | _aReport on a framework for incomes, and prices policy. |
| 260 |
_aBombay, _c1967. |
||
| 300 |
_aiv, 89 p. _c24 cm. |
||
| 650 | 0 |
_aIncome _zIndia. |
|
| 650 | 0 |
_aWages _zIndia. |
|
| 650 | 0 |
_aPrices _zIndia. |
|
| 999 |
_c74281 _d74281 |
||